Men I'd like to meet / (Record no. 6258)

MARC details
000 -LEADER
fixed length control field 00815cam a2200265 a 4500
001 - CONTROL NUMBER
control field 2601061
003 - CONTROL NUMBER IDENTIFIER
control field OSt
005 - DATE AND TIME OF LATEST TRANSACTION
control field 20190116130937.0
008 - FIXED-LENGTH DATA ELEMENTS--GENERAL INFORMATION
fixed length control field 971113s1997 tnu 000 0 eng
010 ## - LIBRARY OF CONGRESS CONTROL NUMBER
LC control number 97068981
020 ## - INTERNATIONAL STANDARD BOOK NUMBER
International Standard Book Number 0871486032
040 ## - CATALOGING SOURCE
Original cataloging agency DLC
Transcribing agency DLC
Modifying agency DLC
050 00 - LIBRARY OF CONGRESS CALL NUMBER
Classification number BS574.5
Item number .S35 1997
082 00 - DEWEY DECIMAL CLASSIFICATION NUMBER
Classification number 220.9
Edition number 21
Item number S335M
100 1# - MAIN ENTRY--PERSONAL NAME
Personal name Schimmels, Cliff.
245 10 - TITLE STATEMENT
Title Men I'd like to meet /
Statement of responsibility, etc. Cliff Schimmels.
246 3# - VARYING FORM OF TITLE
Title proper/short title Men I would like to meet
260 ## - PUBLICATION, DISTRIBUTION, ETC.
Place of publication, distribution, etc. Cleveland, Tenn. :
Name of publisher, distributor, etc. Pathway Press,
Date of publication, distribution, etc. c1997.
300 ## - PHYSICAL DESCRIPTION
Extent 170 p. ;
Dimensions 22 cm.
650 #0 - SUBJECT ADDED ENTRY--TOPICAL TERM
Topical term or geographic name entry element Men in the Bible.
650 #0 - SUBJECT ADDED ENTRY--TOPICAL TERM
Topical term or geographic name entry element Christian men
General subdivision Religious life.
906 ## - LOCAL DATA ELEMENT F, LDF (RLIN)
a 7
b cbc
c orignew
d 3
e opcn
f 19
g y-gencatlg
942 ## - ADDED ENTRY ELEMENTS (KOHA)
Source of classification or shelving scheme Dewey Decimal Classification
Koha item type Books
Holdings
Withdrawn status Lost status Source of classification or shelving scheme Damaged status Not for loan Collection code Home library Current library Shelving location Date acquired Cost, normal purchase price Total Checkouts Full call number Barcode Date last seen Price effective from Koha item type
    Dewey Decimal Classification     Non-fiction Harvest Mission College Harvest Mission College General Stacks 16.01.2019 950.00   220.9 S335M 006917 16.01.2019 16.01.2019 Books

OPAC Designed and Maintained by HMC Library Team.
Copyright © HMC Library,Greater Noida, UP.
For any Suggestions/Query Contact library via Email:libhmc@gmail.com